The place of the implantable alfapump® device in the management of refractory ascites (notice n° 1845154)
[ vue normale ]
| 000 -LEADER | |
|---|---|
| fixed length control field | 02366cam a2200229 4500500 |
| 005 - DATE AND TIME OF LATEST TRANSACTION | |
| control field | 20260329005633.0 |
| 041 ## - LANGUAGE CODE | |
| Language code of text/sound track or separate title | fre |
| 042 ## - AUTHENTICATION CODE | |
| Authentication code | dc |
| 100 10 - MAIN ENTRY--PERSONAL NAME | |
| Personal name | De Waele, Clément |
| Relator term | author |
| 245 00 - TITLE STATEMENT | |
| Title | The place of the implantable alfapump® device in the management of refractory ascites |
| 260 ## - PUBLICATION, DISTRIBUTION, ETC. | |
| Date of publication, distribution, etc. | 2022.<br/> |
| 500 ## - GENERAL NOTE | |
| General note | 27 |
| 520 ## - SUMMARY, ETC. | |
| Summary, etc. | Refractory ascites (RA) is a frequent complication of liver cirrhosis. Its prognosis is poor, with a 6-month transplantation-free survival (TFS) rate of only 50%. Liver transplantation (LT) is the treatment of choice for RA but its access remains limited and the waiting time on the LT list may be lengthy for eligible patients. In selected patients, the placement of a TIPS (transjugular intrahepatic portosystemic shunt) improves TFS and reduces the need for paracentesis. Iterative large-volume paracentesis is the first-line treatment for RA but is associated with a decrease in quality of life due to repeated hospitalizations. The alfapump® is an implantable device that can be recharged by induction. It comprises a pump implanted subcutaneously in the abdominal wall, connected to a catheter located in the peritoneal cavity and to another located in the bladder, thus allowing the transfer of ascites and its removal via the urinary tract. The alfapump® is effective for reducing the need for paracentesis and for improving quality of life and nutritional status. However, no impact on survival has been demonstrated to date. The most frequent complications are kidney failure, bacterial infections, and dysfunction of the device. In the absence of absolute contraindication (i.e., loculated ascites, urinary outflow tract obstruction, contraindication to general anesthesia, poor short-term prognosis), alfapump® is an alternative treatment to be considered for patients not eligible for TIPS, who may or may not be on the LT list. |
| 700 10 - ADDED ENTRY--PERSONAL NAME | |
| Personal name | Nguyen-Khac, Éric |
| Relator term | author |
| 700 10 - ADDED ENTRY--PERSONAL NAME | |
| Personal name | Di Martino, Vincent |
| Relator term | author |
| 700 10 - ADDED ENTRY--PERSONAL NAME | |
| Personal name | Paquette, Brice |
| Relator term | author |
| 700 10 - ADDED ENTRY--PERSONAL NAME | |
| Personal name | Balssa, Loic |
| Relator term | author |
| 700 10 - ADDED ENTRY--PERSONAL NAME | |
| Personal name | Thévenot, Thierry |
| Relator term | author |
| 700 10 - ADDED ENTRY--PERSONAL NAME | |
| Personal name | Weil-Verhoeven, Delphine |
| Relator term | author |
| 786 0# - DATA SOURCE ENTRY | |
| Note | Hépato-Gastro & Oncologie Digestive | 29 | 1 | 2022-01-01 | p. 45-55 | 2115-3310 |
| 856 41 - ELECTRONIC LOCATION AND ACCESS | |
| Uniform Resource Identifier | <a href="https://stm.cairn.info/journal-hepato-gastro-oncologie-digestive-2022-1-page-45?lang=en&redirect-ssocas=7080">https://stm.cairn.info/journal-hepato-gastro-oncologie-digestive-2022-1-page-45?lang=en&redirect-ssocas=7080</a> |
Pas d'exemplaire disponible.




Réseaux sociaux